ا و ر ا ق پا ر ينہ (Record no. 175700)

MARC details
000 -LEADER
fixed length control field 00706nam a22001937a 4500
005 - DATE AND TIME OF LATEST TRANSACTION
control field 20200916145020.0
010 ## - LCCN (DPL NO)
LC control number UR-10865
020 ## - INTERNATIONAL STANDARD BOOK NUMBER
Terms of availability 126.00
International Standard Book Number 9789389733358
035 ## - SYSTEM CONTROL NUMBER
System control number U-9420
037 ## - SOURCE OF ACQUISITION
Source of stock number/acquisition DBAD/PUB
082 ## - DEWEY DECIMAL CLASSIFICATION NUMBER
Classification number 808.88
100 ## - MAIN ENTRY--PERSONAL NAME
Personal name محمد ا نو ا ر ا لحق تبسم
245 ## - TITLE STATEMENT
Title ا و ر ا ق پا ر ينہ
Statement of responsibility, etc محمد ا نو ا ر ا لحق تبسم
246 ## - VARYING FORM OF TITLE
Remainder of title Aoraq-E-Parina (Urdu)
Title proper/short title by Mohd.Anwar-Ul-Haque Tabassum
260 ## - PUBLICATION, DISTRIBUTION, ETC. (IMPRINT)
Place of publication, distribution, etc N.Delhi
Name of publisher, distributor, etc Educational Publishing House
Date of publication, distribution, etc 2019 ء
270 ## - ADDRESS
Address H.O.D1/16,Ansari Road,Darya ganj,
City N.Delhi
Postal code 110002
Telephone number 45678285,23216162
Fax number 0091-11-23211540
300 ## - PHYSICAL DESCRIPTION
Extent 228 ص
Dimensions 22 Cm(Hb)
942 ## - ADDED ENTRY ELEMENTS (KOHA)
Source of classification or shelving scheme Dewey Decimal Classification
Item type Urdu Bks
Classification part 808.88
Call number suffix م ح م
Holdings
Withdrawn status Lost status Not for loan Collection code Home library Current library Date acquired Source of acquisition Cost, normal purchase price Full call number Barcode Copy number Cost, replacement price Koha item type
      Non-fiction D.B.Act.Division D.B.Act.Division 16/09/2020 DBAD/PUB 126.00 808.88 م ح م U-9420 1 126.00 Urdu Bks

© Delhi Public Library
Hit Counter
free hit counter